LEADER 01284nam a22003495i 4500 001 991002238749707536 007 cr nn 008mamaa 008 121227s1986 gw | s |||| 0|eng d 020 $a9783540473503 035 $ab14142788-39ule_inst 040 $aBibl. Dip.le Aggr. Matematica e Fisica - Sez. Matematica$beng 082 04$a515$223 084 $aAMS 34G10 084 $aAMS 34G20 084 $aAMS 45N05 245 00$aDifferential equations in Banach spaces$h[e-book] :$bproceedings of a conference held in Bologna, july 2-5, 1985 /$cedited by Angelo Favini, Enrico Obrecht 260 $aBerlin :$bSpringer,$c1986 300 $a1 online resource (x, 306 p.) 440 0$aLecture Notes in Mathematics,$x0075-8434 ;$v1223 650 0$aMathematics 650 0$aGlobal analysis (Mathematics) 650 0$aBiology$xMathematics 650 0$aStatistics 700 1 $aFavini, Angelo 700 1 $aObrecht, Enrico 773 0 $aSpringer eBooks 856 40$uhttp://dx.doi.org/10.1007/BFb0099177$zAn electronic book accessible through the World Wide Web 907 $a.b14142788$b03-03-22$c05-09-13 912 $a991002238749707536 996 $aDifferential equations in Banach spaces$980161 997 $aUNISALENTO 998 $ale013$b05-09-13$cm$d@ $e-$feng$ggw $h0$i0 LEADER 00982nam a2200253 i 4500 001 991003683439707536 005 20230428143218.0 008 080509s2003 it a||||||||||||||||ita d 020 $a9788820331931 035 $ab1373510x-39ule_inst 040 $aISUFI - Sett. Patrimonio Culturale$bita 082 04$a005.2762$222 100 1 $aDavis, Mike$034824 245 10$aCostruire applicazioni con Visual Basic 6.0/.NET /$cMike Davis 260 $aMilano :$bHoepli,$cc2003 300 $axv, 491 p. :$bill. ;$c24 cm +$e1 Cd rom 440 0$aLinguaggi & programmazione 650 4$aMicroelaboratori elettronici$xLinguaggio Microsoft Visual Basic 907 $a.b1373510x$b28-03-22$c09-06-08 912 $a991003683439707536 945 $aLE016 005.2762 DAV 01.01$g1$i2016000119503$lle016$op$pE38.00$q-$rn$so$t0$u0$v0$w0$x0$y.i14843614$z29-09-08 996 $aCostruire applicazioni con Visual Basic 6.0$93376600 997 $aUNISALENTO 998 $ale016$b09-06-08$cm$da$en$fita$git$h0$i0